00622nam a2200157Ia 4500008004100000020001800041050002000059100004000079245009600119260003400215300001800249500012800267650001500395650003600410650001800446120626s9999 xx 000 0 und d a968-444-263-704aHF5821 F54 19991 aFIGUEROA BERMÚDEZ, Romeo Antonio.10aCómo hacer publicidad: un enfoque teórico-prácticocRomeo Antonio Figueroa Bermudez. aMéxicobPearson Educación a407 páginas aContiene: Índice de contenido Introducción Anexo A y B Glosario Índice analítico Índice onomástico Créditos17aPUBLICIDAD17aMEDIOS DE COMUNICACIÓN MASIVA17aARTE COMERCIO